000 00616nam a2200229Ia 4500
003 OSt
005 20221005120425.0
006 a|||||r|||| 00| 0
007 ta
008 221004b |||||||| |||| 00| 0 eng d
024 _a64186
037 _cTextual
040 _aCRL
_cCRL
_beng
041 _2eng
_aeng
082 _aX.5.G0, J9.1-.2
100 _aThompson James Westfall
_943979
245 0 _aEconomic and social history of the middle ages, 300-1300
260 _c1959
650 _aECONOMICS
942 _hX.5.G0, J9.1-.2
_cTEXL
_2cc
999 _c1037993
_d1037993